Faza pucharowa UEFA EURO 2020 (patrz opis) - Statystyki

Ogólne statystyki
  • Ten quiz został rozwiązany 131 razy
  • Średni wynik to 10 z 15
Statystyki odpowiedzi
Etap Mecz % Poprawnych
FINAŁ Włochy vs Anglia
91%
1/8 finału Francja vs Szwajcaria
82%
1/2 finału Włochy vs Hiszpania
80%
1/2 finału Anglia vs Dania
78%
1/4 finału Szwajcaria vs Hiszpania
67%
1/4 finału Belgia vs Włochy
66%
1/8 finału Szwecja vs Ukraina
65%
1/8 finału Anglia vs Niemcy
64%
1/8 finału Włochy vs Austria
63%
1/4 finału Czechy vs Dania
59%
1/8 finału Belgia vs Portugalia
58%
1/4 finału Ukraina vs Anglia
58%
1/8 finału Chorwacja vs Hiszpania
57%
1/8 finału Holandia vs Czechy
57%
1/8 finału Walia vs Dania
51%
Nie znaleziono quizów pasujących do podanych kryteriów
Rozkład punktacji
Procent ludzi z każdym wynikiem
Percentyl według liczby udzielonych odpowiedzi
Twoja historia wyników
Nie rozwiązałeś tego quizu